000 01324cam a2200373 a 4500
999 _c36947
_d36947
001 14186711
003 OSt
005 20191231144101.0
008 051202s2006 ii a b 000 0 eng
010 _a 2005389609
020 _a8186771980
020 _a9788186771983
025 _aI-E-2005-389609; 69-30
037 _bLibrary of Congress -- New Delhi Overseas Office
_cRs625.00
040 _aDLC
_coclc
042 _alcode
043 _aa-ii---
050 0 0 _aHQ1058.5.I5
_bP33 2006
082 _a305.489654
_bPAD/S
100 _aPadmanabhan, K
_q(Kochappi),
_d1944-
_9984
245 1 0 _aSocio-Economic Status of Widows /
_cK. Padmanabhan.
246 3 _aSocioeconomic status of widows
260 _aNew Delhi :
_bSerials Publications,
_c2006.
300 _a239 p
_bill. ;
_c22 cm.
504 _aIncludes bibliographical references (p. [237]-239).
520 _aStudy of Mudaliar community of Tamil Nadu, India.
650 0 _aWidows
_zIndia
_zTamil Nadu
_xSocial conditions.
650 0 _aWidows
_zIndia
_zTamil Nadu
_xEconomic conditions.
650 0 _aMudaliars
_xSocial conditions.
650 0 _aMudaliars
_xEconomic conditions.
906 _a7
_bcbc
_corigode
_d3
_encip
_f20
_gy-gencatlg
942 _2ddc
_cBK
_h305.489654
_iPAD/S
_k305.489654
_mPAD/S